• 首页
  • 本馆介绍
  • 公告通知
  • 最新文献
  • 馆藏检索
  • 电子资源
  • 读者导购
  • 参考咨询
  • 我的图书馆
  • 登录
  • 详细信息显示
  • 放入我的书架
  • 预约/预借图书
  • 作者相关作品
  • 分类相关作品
  • 丛书相关作品
  • 出版社相关作品

书目信息

  • 表格格式
  • 工作单格式
  • 卡片格式
题名:
沃尔顿
    
 
作者: 周丽霞 编著
分册:  
出版信息: 北京   中国社会出版社  2015
页数: 195页
开本: 24cm
丛书名:
单 册:
中图分类: K837.125.38=536 , K837.125
科图分类:
主题词:
电子资源:
ISBN: 978-7-5087-4769-9
000 00860nam0 2200241 450
001 2351856694
005 20231117105110.93
010    @a978-7-5087-4769-9@dCNY49.80
100    @a20150106d2015 em y0chiy50 ea
101 0  @achi
102    @aCN@b110000
105    @aa z 000yb
200 1  @a沃尔顿@9wo er dun@e缔造商业神话的零售巨头@f周丽霞编著
210    @a北京@c中国社会出版社@d2015
215    @a195页@c图@d24cm
300    @a企业家成长启示录
330    @a本书以沃尔顿的成长历程和人生发展为线索,讲述了日常生活中富于启发的小故事,着重表现了沃尔顿所处时代的生活特征和建功立业的艰难过程,内容包括人物简介、经典故事、人物年谱和名人名言等。
600  0 @a沃尔顿@c(Walton, Sam@f1918-1992)@x传记
690    @aK837.125.38=536@v5
690    @aK837.125@v4
701  0 @a周丽霞@9zhou li xia@4编著
801  0 @aCN@b91MARC@c20150426
905    @aZUCC@dK837.125@e60
    
    沃尔顿:缔造商业神话的零售巨头/周丽霞编著.-北京:中国社会出版社,2015
    195页:图;24cm
    企业家成长启示录
    
    ISBN 978-7-5087-4769-9:CNY49.80
    本书以沃尔顿的成长历程和人生发展为线索,讲述了日常生活中富于启发的小故事,着重表现了沃尔顿所处时代的生活特征和建功立业的艰难过程,内容包括人物简介、经典故事、人物年谱和名人名言等。
●
相关链接 在五车中查询图书 在当当中查询图书 在豆瓣中查询图书


正题名:沃尔顿     索取号:K837.125/60         预约/预借

序号 登录号 条形码 馆藏地/架位号 状态 备注
1 2001017059   2001017059   第四书库/四30架B面3层4列/ [索取号:K837.125/60] 在馆    
2 2001017060   2001017060   第四书库/四30架B面3层4列/ [索取号:K837.125/60] 在馆    
3 2001017061   2001017061   第四书库/四30架B面3层4列/ [索取号:K837.125/60] 在馆    
4 2001017062   2001017062   第四书库/四30架B面3层4列/ [索取号:K837.125/60] 在馆    
5 2001017063   2001017063   第四书库/四30架B面3层4列/ [索取号:K837.125/60] 在馆    
6 2001017064   2001017064   第四书库/四30架B面3层4列/ [索取号:K837.125/60] 在馆    
山东省滨州职业学院图书馆 欢迎您!
大连网信软件有限公司© 版权所有